Score 0/11 Timer 01:00
0 Plays Today
Hint 4-Letter Word % Correct
Farm structureBARN
95.7%
Between and rock and a ______ placeHARD
95.4%
To make aware before potential dangerWARN
93.8%
Take this from the beach to fill an hourglassSAND
93.4%
Division in a hospital or a prisonWARD
93%
What you hold or fold in a poker gameHAND
91.9%
Made music with your voiceSANG
86.6%
Capital of SwitzerlandBERN
85%
Chinese surname, or before Chung, a British New Wave group♥ WANG ♥
63.8%
Who Ernest talked to in all his moviesVERN
61.3%
First name of Farmiga and Lynn, it's derived from the Latin for 'truth'♥ VERA ♥
59.1%

Today's Daily Dose

Missing Word
'T' Pairs

Word Ladder
Game Pieces

Get the Picture
Baseball Movies

Remove Ads.
Support Sporcle.
Get the best of Sporcle when you Go Orange. This ad-free experience offers more features, more stats, and more fun while also helping to support Sporcle. Thank you for becoming a member.

You're not logged in!

Compare scores with friends on all Sporcle quizzes.
OR
Log In

Show Comments

Extras

Top Quizzes Today


Score Distribution

Your Account Isn't Verified!

In order to create a playlist on Sporcle, you need to verify the email address you used during registration. Go to your Sporcle Settings to finish the process.

Report this User

Report this user for behavior that violates our Community Guidelines.

Details: